00746nam a2200229Ia 4500003000900000008004100009020001800050040001600068080001500084100002100099245005600120260003800176300001400214490003100228650004100259650002400300650002700324650002400351942000700375999001500382952011900397IN-BaIIA211028s9999 xx 000 0 eng d a0-356-03823-8 cIIA Library a521.1bAIT aAiton, E J97135 4aThe Vortex theory of planetary motionscE. J. Aiton aNew YorkbAmerican Elsevierc1972 aix, 282p. aHistory of science library aAstronomy and astrophysics thesaurus aCelestial mechanics aPlanetary theory91593 aVortex theory97136 cBK c4043d4043 00104070aBANbBANcGENd1972-10-25g153.00l0o521.1/ AITp4515r2021-11-05v153.00w1972-10-25yBKGRs. 153.00